[Event "7th Arber Senior Cup"]
[Site "chess24.com"]
[Date "2019.07.28"]
[Round "2"]
[White "Krejci, Zdenek"]
[Black "Loibl, Johann"]
[Result "0-1"]
[Board "36"]
[WhiteElo "1432"]
[WhiteTeam "TSCHECHIEN"]
[WhiteCountry "CZE"]
[WhiteFideId "335495"]
[WhiteEloChange "-3"]
[BlackElo "1760"]
[BlackTeam "�sterreich"]
[BlackCountry "AUT"]
[BlackFideId "1637053"]
[BlackEloChange "3"]

1. d4 {[%clk 2:10:30]} Nf6 {[%clk 2:10:30]} 2. Nc3 {[%clk 2:10:30]} d5 {[%clk
2:10:30]} 3. h3 {[%clk 2:10:30]} e6 {[%clk 2:10:30]} 4. a3 {[%clk 2:10:30]} c5
{[%clk 2:10:30]} 5. Bg5 {[%clk 2:10:30]} Nc6 {[%clk 2:10:30]} 6. Nf3 {[%clk
2:10:30]} h6 {[%clk 2:10:30]} 7. Bxf6 {[%clk 2:10:30]} Qxf6 {[%clk 2:10:30]} 8.
e3 {[%clk 2:10:30]} Bd7 {[%clk 2:10:30]} 9. Bb5 {[%clk 2:10:30]} a6 {[%clk
2:10:30]} 10. Bxc6 {[%clk 2:10:30]} Bxc6 {[%clk 2:10:30]} 11. O-O {[%clk
2:10:30]} Bd6 {[%clk 2:10:30]} 12. Qe2 {[%clk 2:10:30]} cxd4 {[%clk 2:10:30]} 13.
Nxd4 {[%clk 2:10:30]} O-O {[%clk 2:10:30]} 14. Nxc6 {[%clk 2:10:30]} bxc6 {[%clk
2:10:30]} 15. Rad1 {[%clk 2:10:30]} Be5 {[%clk 2:10:30]} 16. e4 {[%clk 2:10:30]}
Bxc3 {[%clk 2:10:30]} 17. bxc3 {[%clk 2:10:30]} Qxc3 {[%clk 2:10:30]} 18. exd5
{[%clk 2:10:30]} cxd5 {[%clk 2:10:30]} 19. a4 {[%clk 2:10:30]} Rfc8 {[%clk
2:10:30]} 20. Rc1 {[%clk 2:10:30]} Rc4 {[%clk 2:10:30]} 21. a5 {[%clk 2:10:30]}
Qxa5 {[%clk 2:10:30]} 22. c3 {[%clk 2:10:30]} Qc5 {[%clk 2:10:30]} 23. Qd3 {[%clk
2:10:30]} a5 {[%clk 2:10:30]} 24. Rfd1 {[%clk 2:10:30]} a4 {[%clk 2:10:30]} 25.
Qb1 {[%clk 2:10:30]} Rxc3 {[%clk 2:10:30]} 26. Rxc3 {[%clk 2:10:30]} Qxc3 {[%clk
2:10:30]} 27. Qb7 {[%clk 2:10:30]} Rc8 {[%clk 2:10:30]} 28. Qa6 {[%clk 2:10:30]}
Qc6 {[%clk 2:10:30]} 29. Qa5 {[%clk 2:10:30]} Ra8 {[%clk 2:10:30]} 30. Qd2 {[%clk
2:10:30]} a3 {[%clk 2:10:30]} 31. Rc1 {[%clk 2:10:30]} Qb5 {[%clk 2:10:30]} 32.
Qa2 {[%clk 2:10:30]} Qb2 {[%clk 2:10:30]} 33. Rc2 {[%clk 2:10:30]} Qxc2 {[%clk
2:10:30]} 34. Qxc2 {[%clk 2:10:30]} a2 {[%clk 2:10:30]} 35. Kh2 {[%clk 2:10:30]}
a1Q {[%clk 2:10:30]} 36. f3 {[%clk 2:10:30]} Qe5+ {[%clk 2:10:30]} 37. g3 {[%clk
2:10:30]} Rb8 {[%clk 2:10:30]} 0-1

[Event "7th Arber Senior Cup"]
[Site "chess24.com"]
[Date "2019.07.28"]
[Round "2"]
[White "Warnecke, Jens"]
[Black "Trinkl, Andreas"]
[Result "0-1"]
[Board "38"]
[WhiteElo "1530"]
[WhiteTeam "SC Weilerbach"]
[WhiteCountry "GER"]
[WhiteFideId "16273389"]
[WhiteEloChange "-7"]
[BlackElo "1620"]
[BlackTeam "SV Walldorf"]
[BlackCountry "GER"]
[BlackFideId "1270682"]
[BlackEloChange "7"]

1. e4 {[%clk 2:10:30]} c6 {[%clk 2:10:30]} 2. Nf3 {[%clk 2:10:30]} d5 {[%clk
2:10:30]} 3. d3 {[%clk 2:10:30]} dxe4 {[%clk 2:10:30]} 4. Ne5 {[%clk 2:10:30]}
Qa5+ {[%clk 2:10:30]} 5. Nc3 {[%clk 2:10:30]} Qxe5 {[%clk 2:10:30]} 6. dxe4
{[%clk 2:10:30]} Qd6 {[%clk 2:10:30]} 7. Qxd6 {[%clk 2:10:30]} exd6 {[%clk
2:10:30]} 8. Bf4 {[%clk 2:10:30]} Nd7 {[%clk 2:10:30]} 9. Rd1 {[%clk 2:10:30]}
Ne5 {[%clk 2:10:30]} 10. Be2 {[%clk 2:10:30]} Be6 {[%clk 2:10:30]} 11. h3 {[%clk
2:10:30]} Be7 {[%clk 2:10:30]} 12. O-O {[%clk 2:10:30]} O-O-O {[%clk 2:10:30]}
13. b4 {[%clk 2:10:30]} Ng6 {[%clk 2:10:30]} 14. Bh2 {[%clk 2:10:30]} Bf6 {[%clk
2:10:30]} 15. Rd3 {[%clk 2:10:30]} Ne5 {[%clk 2:10:30]} 16. Bxe5 {[%clk 2:10:30]}
dxe5 {[%clk 2:10:30]} 17. b5 {[%clk 2:10:30]} Ne7 {[%clk 2:10:30]} 18. a4 {[%clk
2:10:30]} Rxd3 {[%clk 2:10:30]} 19. Bxd3 {[%clk 2:10:30]} Rd8 {[%clk 2:10:30]}
20. a5 {[%clk 2:10:30]} cxb5 {[%clk 2:10:30]} 21. Nxb5 {[%clk 2:10:30]} a6 {[%clk
2:10:30]} 22. Nc3 {[%clk 2:10:30]} Nc6 {[%clk 2:10:30]} 23. Ra1 {[%clk 2:10:30]}
Be7 {[%clk 2:10:30]} 24. Na4 {[%clk 2:10:30]} Kc7 {[%clk 2:10:30]} 25. Nc3 {[%clk
2:10:30]} g6 {[%clk 2:10:30]} 26. f3 {[%clk 2:10:30]} Bb4 {[%clk 2:10:30]} 27.
Ne2 {[%clk 2:10:30]} Bxa5 {[%clk 2:10:30]} 28. f4 {[%clk 2:10:30]} Bb6+ {[%clk
2:10:30]} 29. Kh2 {[%clk 2:10:30]} f6 {[%clk 2:10:30]} 30. Ra3 {[%clk 2:10:30]}
Kc8 {[%clk 2:10:30]} 31. f5 {[%clk 2:10:30]} gxf5 {[%clk 2:10:30]} 32. exf5
{[%clk 2:10:30]} Bd5 {[%clk 2:10:30]} 33. c4 {[%clk 2:10:30]} Bg8 {[%clk
2:10:30]} 34. Ng3 {[%clk 2:10:30]} Bc5 {[%clk 2:10:30]} 35. Rc3 {[%clk 2:10:30]}
a5 {[%clk 2:10:30]} 36. Ne4 {[%clk 2:10:30]} Bb4 {[%clk 2:10:30]} 37. Rb3 {[%clk
2:10:30]} Nd4 {[%clk 2:10:30]} 38. Rc3 {[%clk 2:10:30]} Bxc3 {[%clk 2:10:30]} 39.
Nxc3 {[%clk 2:10:30]} Nf3+ {[%clk 2:10:30]} 40. gxf3 {[%clk 2:10:30]} Rxd3 {[%clk
2:10:30]} 41. Ne4 {[%clk 2:10:30]} Bxc4 {[%clk 2:10:30]} 42. Kg3 {[%clk 2:10:30]}
a4 {[%clk 2:10:30]} 43. Nc5 {[%clk 2:10:30]} a3 {[%clk 2:10:30]} 0-1

[Event "7th Arber Senior Cup"]
[Site "chess24.com"]
[Date "2019.07.29"]
[Round "3"]
[White "Blechzin, Igor"]
[Black "Hamlack, Heinz"]
[Result "1-0"]
[Board "1"]
[WhiteElo "2221"]
[WhiteTitle "IM"]
[WhiteCountry "RUS"]
[WhiteFideId "4116208"]
[WhiteEloChange "4"]
[BlackElo "1986"]
[BlackCountry "GER"]
[BlackFideId "24668095"]
[BlackEloChange "-4"]

1. c4 {[%clk 2:10:47]} Nf6 {[%clk 2:10:37]} 2. Nc3 {[%clk 2:08:40]} e6 {[%clk
2:10:48]} 3. e4 {[%clk 2:09:03]} Nc6 {[%clk 2:05:20]} 4. d4 {[%clk 2:07:02]} Bb4
{[%clk 2:02:58]} 5. e5 {[%clk 2:07:05]} Ne4 {[%clk 2:02:19]} 6. Ne2 {[%clk
1:58:29]} d6 {[%clk 1:47:16]} 7. exd6 {[%clk 1:50:25]} Nxd6 {[%clk 1:37:56]} 8.
a3 {[%clk 1:44:39]} Bxc3+ {[%clk 1:38:18]} 9. Nxc3 {[%clk 1:44:01]} O-O {[%clk
1:37:14]} 10. d5 {[%clk 1:34:00]} exd5 {[%clk 1:33:40]} 11. cxd5 {[%clk 1:34:21]}
Re8+ {[%clk 1:29:51]} 12. Be2 {[%clk 1:34:01]} Ne5 {[%clk 1:30:08]} 13. O-O
{[%clk 1:34:16]} a6 {[%clk 1:19:49]} 14. Qd4 {[%clk 1:23:46]} b6 {[%clk 1:06:29]}
15. Bf4 {[%clk 1:18:03]} Nf5 {[%clk 1:00:30]} 16. Qd2 {[%clk 1:14:11]} Nd6 {[%clk
0:56:33]} 17. Rfe1 {[%clk 1:08:54]} Bf5 {[%clk 0:53:14]} 18. Bxa6 {[%clk
1:01:16]} Nf3+ {[%clk 0:44:20]} 19. gxf3 {[%clk 1:01:33]} Rxa6 {[%clk 0:44:46]}
20. Bxd6 {[%clk 1:00:17]} cxd6 {[%clk 0:43:15]} 21. Qf4 {[%clk 0:58:00]} Rxe1+
{[%clk 0:37:33]} 22. Rxe1 {[%clk 0:58:22]} g6 {[%clk 0:37:59]} 23. Nb5 {[%clk
0:57:04]} Qd7 {[%clk 0:28:49]} 24. Nxd6 {[%clk 0:57:00]} b5 {[%clk 0:24:37]} 25.
Re8+ {[%clk 0:49:20]} Kg7 {[%clk 0:24:56]} 26. Qe5+ {[%clk 0:48:50]} Kh6 {[%clk
0:24:26]} 27. Rd8 {[%clk 0:47:58]} Qa7 {[%clk 0:22:31]} 28. Nxf5+ {[%clk
0:45:39]} gxf5 {[%clk 0:22:54]} 29. Rd6+ {[%clk 0:45:08]} Rxd6 {[%clk 0:22:02]}
30. Qxd6+ {[%clk 0:45:31]} Kg5 {[%clk 0:22:05]} 31. h4+ {[%clk 0:45:02]} 1-0

[Event "7th Arber Senior Cup"]
[Site "chess24.com"]
[Date "2019.07.29"]
[Round "3"]
[White "Kuempers, Ulrich"]
[Black "Koehler, Gerhard, Dr."]
[Result "0-1"]
[Board "3"]
[WhiteElo "2030"]
[WhiteCountry "GER"]
[WhiteFideId "4622472"]
[WhiteEloChange "-6"]
[BlackElo "2197"]
[BlackCountry "GER"]
[BlackFideId "12909700"]
[BlackEloChange "6"]

1. d4 {[%clk 2:10:56]} Nf6 {[%clk 2:10:44]} 2. c4 {[%clk 2:11:23]} d6 {[%clk
2:11:03]} 3. Nc3 {[%clk 2:11:43]} Nbd7 {[%clk 2:11:25]} 4. e4 {[%clk 2:11:39]} e5
{[%clk 2:11:42]} 5. d5 {[%clk 2:09:04]} Nc5 {[%clk 2:11:51]} 6. Bd3 {[%clk
2:08:13]} a5 {[%clk 2:11:30]} 7. Bc2 {[%clk 2:05:53]} Be7 {[%clk 2:11:06]} 8. h3
{[%clk 2:06:15]} O-O {[%clk 2:11:22]} 9. Be3 {[%clk 2:02:31]} Nfd7 {[%clk
2:05:56]} 10. Nf3 {[%clk 2:02:48]} Bf6 {[%clk 1:59:44]} 11. b3 {[%clk 2:00:57]}
g6 {[%clk 1:57:28]} 12. a3 {[%clk 1:59:39]} Bg7 {[%clk 1:56:07]} 13. b4 {[%clk
1:53:12]} axb4 {[%clk 1:55:50]} 14. axb4 {[%clk 1:53:34]} Rxa1 {[%clk 1:56:15]}
15. Qxa1 {[%clk 1:53:55]} Na6 {[%clk 1:56:21]} 16. Qb1 {[%clk 1:43:05]} Nf6
{[%clk 1:56:18]} 17. g4 {[%clk 1:41:26]} c5 {[%clk 1:46:04]} 18. bxc5 {[%clk
1:23:44]} Qa5 {[%clk 1:39:13]} 19. Qb2 {[%clk 1:04:41]} Nxc5 {[%clk 1:34:59]} 20.
O-O {[%clk 1:04:07]} h5 {[%clk 1:31:54]} 21. g5 {[%clk 1:02:40]} Nh7 {[%clk
1:31:54]} 22. Kg2 {[%clk 0:33:37]} f6 {[%clk 1:31:54]} 23. h4 {[%clk 0:30:02]}
Qd8 {[%clk 1:10:38]} 24. Qc1 {[%clk 0:30:02]} Qd7 {[%clk 1:09:38]} 25. Nh2 {[%clk
0:21:55]} Qh3+ {[%clk 1:08:11]} 26. Kh1 {[%clk 0:22:24]} Qxh4 {[%clk 1:03:19]}
27. gxf6 {[%clk 0:13:14]} Rxf6 {[%clk 0:58:14]} 28. f3 {[%clk 0:11:45]} g5 {[%clk
0:52:55]} 29. Nb5 {[%clk 0:05:21]} Bf8 {[%clk 0:47:39]} 30. f4 {[%clk 0:04:19]}
gxf4 {[%clk 0:37:31]} 31. Rg1+ {[%clk 0:04:16]} Bg4 {[%clk 0:30:31]} 32. Bd2
{[%clk 0:03:52]} Kh8 {[%clk 0:29:21]} 33. Qf1 {[%clk 0:03:24]} f3 {[%clk
0:29:21]} 0-1

[Event "7th Arber Senior Cup"]
[Site "chess24.com"]
[Date "2019.07.29"]
[Round "3"]
[White "Fleuch, Hans-Juergen"]
[Black "Herbold, Manfred"]
[Result "0-1"]
[Board "5"]
[WhiteElo "1951"]
[WhiteCountry "GER"]
[WhiteFideId "4619617"]
[WhiteEloChange "-6"]
[BlackElo "2081"]
[BlackTitle "CM"]
[BlackCountry "GER"]
[BlackFideId "4682882"]
[BlackEloChange "6"]

1. e4 {[%clk 2:02:31]} e5 {[%clk 2:07:11]} 2. Nf3 {[%clk 2:02:15]} d5 {[%clk
2:07:34]} 3. Nc3 {[%clk 1:59:05]} d4 {[%clk 2:06:08]} 4. Nb1 {[%clk 1:58:50]} Bd6
{[%clk 2:02:57]} 5. d3 {[%clk 1:56:25]} Ne7 {[%clk 2:01:48]} 6. Nbd2 {[%clk
1:54:27]} f6 {[%clk 2:01:11]} 7. c4 {[%clk 1:47:24]} a5 {[%clk 1:59:50]} 8. Be2
{[%clk 1:43:01]} Be6 {[%clk 1:58:40]} 9. Nh4 {[%clk 1:37:28]} Qd7 {[%clk
1:58:16]} 10. g3 {[%clk 1:30:15]} Nbc6 {[%clk 1:57:36]} 11. Nf1 {[%clk 1:25:48]}
Bb4+ {[%clk 1:54:46]} 12. Bd2 {[%clk 1:25:01]} O-O {[%clk 1:47:28]} 13. Bxb4
{[%clk 1:20:34]} axb4 {[%clk 1:42:22]} 14. Nd2 {[%clk 1:16:21]} Ra7 {[%clk
1:41:08]} 15. a4 {[%clk 1:07:52]} bxa3 {[%clk 1:41:11]} 16. Rxa3 {[%clk 1:06:58]}
Rxa3 {[%clk 1:41:26]} 17. bxa3 {[%clk 1:07:15]} Ra8 {[%clk 1:41:28]} 18. Nb1
{[%clk 1:07:05]} Na5 {[%clk 1:39:41]} 19. O-O {[%clk 1:07:04]} b5 {[%clk
1:39:03]} 20. cxb5 {[%clk 1:06:56]} Qxb5 {[%clk 1:39:20]} 21. f4 {[%clk 1:00:11]}
exf4 {[%clk 1:38:42]} 22. gxf4 {[%clk 0:59:46]} c5 {[%clk 1:38:24]} 23. Nf3
{[%clk 0:50:20]} Nb3 {[%clk 1:35:27]} 24. Nfd2 {[%clk 0:39:15]} Nc6 {[%clk
1:32:55]} 25. Nxb3 {[%clk 0:36:51]} Bxb3 {[%clk 1:33:04]} 26. Qc1 {[%clk
0:36:54]} Na5 {[%clk 1:32:16]} 27. Nd2 {[%clk 0:33:14]} Be6 {[%clk 1:29:32]} 28.
Qc2 {[%clk 0:32:00]} Rc8 {[%clk 1:19:47]} 29. Rb1 {[%clk 0:24:56]} Qc6 {[%clk
1:19:41]} 30. Rc1 {[%clk 0:19:47]} Qc7 {[%clk 1:16:20]} 31. f5 {[%clk 0:16:57]}
Bf7 {[%clk 1:16:24]} 32. Qa4 {[%clk 0:15:50]} Be8 {[%clk 1:15:58]} 33. Qc2 {[%clk
0:15:52]} Qf4 {[%clk 1:15:25]} 34. Nc4 {[%clk 0:12:15]} Nxc4 {[%clk 1:13:51]} 35.
Qxc4+ {[%clk 0:11:34]} Bf7 {[%clk 1:14:09]} 36. Qc2 {[%clk 0:11:08]} Qe3+ {[%clk
1:09:59]} 37. Kf1 {[%clk 0:10:59]} g6 {[%clk 1:09:59]} 38. fxg6 {[%clk 0:09:30]}
hxg6 {[%clk 1:09:58]} 39. Rb1 {[%clk 0:07:47]} f5 {[%clk 1:07:34]} 40. Qc1 {[%clk
0:01:28]} Qh3+ {[%clk 1:07:45]} 41. Kg1 {[%clk 0:01:45]} fxe4 {[%clk 1:07:38]}
42. dxe4 {[%clk 0:02:06]} d3 {[%clk 1:06:50]} 43. Bf1 {[%clk 0:01:49]} Qg4+
{[%clk 1:07:01]} 44. Bg2 {[%clk 0:02:04]} c4 {[%clk 1:07:05]} 45. Qc3 {[%clk
0:02:14]} Rd8 {[%clk 1:05:58]} 46. Qf6 {[%clk 0:02:14]} Qd7 {[%clk 1:05:58]} 0-1

[Event "7th Arber Senior Cup"]
[Site "chess24.com"]
[Date "2019.07.29"]
[Round "3"]
[White "Pirrot, Dieter"]
[Black "Schwalb, Manfred"]
[Result "1-0"]
[Board "6"]
[WhiteElo "2315"]
[WhiteTitle "IM"]
[WhiteCountry "GER"]
[WhiteFideId "4601157"]
[WhiteEloChange "2"]
[BlackElo "1965"]
[BlackCountry "GER"]
[BlackFideId "16227018"]
[BlackEloChange "-2"]

1. d4 {[%clk 2:10:50]} Nf6 {[%clk 2:10:23]} 2. c4 {[%clk 2:11:12]} g6 {[%clk
2:10:45]} 3. Nc3 {[%clk 2:11:35]} Bg7 {[%clk 2:11:07]} 4. e4 {[%clk 2:11:58]} d6
{[%clk 2:11:28]} 5. Be2 {[%clk 2:12:00]} O-O {[%clk 2:11:44]} 6. Be3 {[%clk
2:12:23]} Nbd7 {[%clk 2:10:35]} 7. g4 {[%clk 2:09:21]} e5 {[%clk 2:08:26]} 8. d5
{[%clk 2:07:04]} Nc5 {[%clk 2:08:10]} 9. f3 {[%clk 2:06:47]} a5 {[%clk 2:08:13]}
10. Qd2 {[%clk 2:05:39]} Ne8 {[%clk 2:06:23]} 11. h4 {[%clk 1:55:12]} f5 {[%clk
2:03:45]} 12. exf5 {[%clk 1:44:46]} gxf5 {[%clk 2:03:46]} 13. g5 {[%clk 1:44:26]}
e4 {[%clk 1:56:43]} 14. f4 {[%clk 1:43:55]} Bd7 {[%clk 1:46:58]} 15. h5 {[%clk
1:40:12]} h6 {[%clk 1:42:15]} 16. Nh3 {[%clk 1:37:24]} Kh7 {[%clk 1:42:19]} 17.
O-O-O {[%clk 1:35:16]} a4 {[%clk 1:37:15]} 18. Bd4 {[%clk 1:29:32]} Nd3+ {[%clk
1:34:42]} 19. Bxd3 {[%clk 1:29:30]} Bxd4 {[%clk 1:34:57]} 20. Bc2 {[%clk
1:28:22]} Bg7 {[%clk 1:33:37]} 21. Rdg1 {[%clk 1:18:19]} c5 {[%clk 1:28:28]} 22.
Qg2 {[%clk 1:08:34]} Bd4 {[%clk 1:25:29]} 23. gxh6 {[%clk 0:33:53]} Qe7 {[%clk
1:15:45]} 24. a3 {[%clk 0:30:31]} Nc7 {[%clk 0:56:40]} 25. Qg6+ {[%clk 0:29:50]}
Kh8 {[%clk 0:57:04]} 26. h7 {[%clk 0:29:52]} Bxg1 {[%clk 0:48:47]} 27. Rxg1
{[%clk 0:28:46]} Qf6 {[%clk 0:47:21]} 28. Qg3 {[%clk 0:26:06]} b5 {[%clk
0:42:20]} 29. cxb5 {[%clk 0:25:42]} Nxb5 {[%clk 0:41:27]} 30. Nxb5 {[%clk
0:23:51]} Bxb5 {[%clk 0:41:53]} 31. h6 {[%clk 0:12:51]} Qxh6 {[%clk 0:41:25]} 32.
Qc3+ {[%clk 0:13:05]} Qf6 {[%clk 0:41:22]} 33. Rg8+ {[%clk 0:13:20]} Kxh7 {[%clk
0:41:09]} 34. Qxf6 {[%clk 0:13:38]} Rxf6 {[%clk 0:38:28]} 35. Rxa8 {[%clk
0:14:01]} Rh6 {[%clk 0:38:24]} 36. Ng5+ {[%clk 0:13:42]} Kg7 {[%clk 0:37:23]} 37.
Ra7+ {[%clk 0:13:37]} Kf6 {[%clk 0:36:39]} 38. Bxa4 {[%clk 0:12:00]} Bd3 {[%clk
0:32:31]} 39. Rd7 {[%clk 0:11:23]} Rh4 {[%clk 0:28:30]} 40. Rxd6+ {[%clk
0:11:37]} Kg7 {[%clk 0:28:34]} 41. Ne6+ {[%clk 0:11:07]} 1-0

[Event "7th Arber Senior Cup"]
[Site "chess24.com"]
[Date "2019.07.29"]
[Round "3"]
[White "Auterhoff, Juergen, Dr."]
[Black "Nickl, Klaus"]
[Result "0-1"]
[Board "13"]
[WhiteElo "1673"]
[WhiteCountry "GER"]
[WhiteFideId "4609760"]
[WhiteEloChange "-3"]
[BlackElo "1983"]
[BlackCountry "AUT"]
[BlackFideId "1601024"]
[BlackEloChange "3"]

1. e4 {[%clk 2:10:59]} e6 {[%clk 2:10:51]} 2. d4 {[%clk 2:11:19]} d5 {[%clk
2:11:12]} 3. Nd2 {[%clk 2:11:22]} dxe4 {[%clk 2:11:23]} 4. Nxe4 {[%clk 2:11:42]}
Nd7 {[%clk 2:11:44]} 5. Nf3 {[%clk 2:11:36]} Ngf6 {[%clk 2:12:04]} 6. Nxf6+
{[%clk 2:11:31]} Nxf6 {[%clk 2:12:21]} 7. Bd3 {[%clk 2:09:49]} c5 {[%clk
2:12:29]} 8. dxc5 {[%clk 2:06:21]} Bxc5 {[%clk 2:12:44]} 9. O-O {[%clk 2:06:30]}
Qc7 {[%clk 2:03:35]} 10. Qe2 {[%clk 2:01:42]} Bd6 {[%clk 1:58:12]} 11. Bb5+
{[%clk 1:59:06]} Bd7 {[%clk 1:57:44]} 12. Bxd7+ {[%clk 1:59:21]} Qxd7 {[%clk
1:57:16]} 13. h3 {[%clk 1:49:51]} O-O {[%clk 1:55:47]} 14. Be3 {[%clk 1:47:24]}
Nd5 {[%clk 1:51:49]} 15. Bd4 {[%clk 1:40:57]} Qc7 {[%clk 1:42:18]} 16. Be5 {[%clk
1:36:58]} Bxe5 {[%clk 1:37:52]} 17. Nxe5 {[%clk 1:37:09]} f6 {[%clk 1:33:05]} 18.
Nf3 {[%clk 1:32:50]} e5 {[%clk 1:33:14]} 19. Qe4 {[%clk 1:30:29]} Rad8 {[%clk
1:28:57]} 20. Rad1 {[%clk 1:30:37]} Nf4 {[%clk 1:27:53]} 21. c3 {[%clk 1:25:02]}
b5 {[%clk 1:22:33]} 22. a4 {[%clk 1:16:54]} bxa4 {[%clk 1:14:49]} 23. Qxa4 {[%clk
1:16:39]} Qb7 {[%clk 1:15:02]} 24. Kh2 {[%clk 0:55:42]} Qxb2 {[%clk 1:12:50]} 25.
Rxd8 {[%clk 0:53:24]} Rxd8 {[%clk 1:12:56]} 26. Rd1 {[%clk 0:52:55]} Rc8 {[%clk
1:09:00]} 27. Qxa7 {[%clk 0:51:35]} Qxc3 {[%clk 1:04:42]} 28. Qe7 {[%clk
0:48:23]} Ng6 {[%clk 0:44:03]} 29. Rd8+ {[%clk 0:48:34]} Rxd8 {[%clk 0:44:19]}
30. Qxd8+ {[%clk 0:48:34]} Nf8 {[%clk 0:39:35]} 31. Qd5+ {[%clk 0:48:10]} Kh8
{[%clk 0:39:50]} 32. Qf7 {[%clk 0:47:58]} Qc8 {[%clk 0:39:44]} 33. Nh4 {[%clk
0:45:52]} Ne6 {[%clk 0:38:36]} 34. Nf5 {[%clk 0:43:23]} Qg8 {[%clk 0:38:36]} 35.
Qe7 {[%clk 0:37:30]} h6 {[%clk 0:38:36]} 36. Nd6 {[%clk 0:37:30]} Nf4 {[%clk
0:34:36]} 37. Nf7+ {[%clk 0:35:25]} Kh7 {[%clk 0:34:54]} 38. Qd7 {[%clk 0:33:43]}
Qa8 {[%clk 0:34:12]} 39. Qf5+ {[%clk 0:32:18]} Kg8 {[%clk 0:32:58]} 40. Nxh6+
{[%clk 0:25:12]} gxh6 {[%clk 0:33:14]} 41. f3 {[%clk 0:24:29]} Qa2 {[%clk
0:28:21]} 42. Qc8+ {[%clk 0:24:14]} Kg7 {[%clk 0:28:21]} 43. Qg4+ {[%clk
0:23:55]} Kh8 {[%clk 0:28:17]} 44. Qc8+ {[%clk 0:21:45]} Qg8 {[%clk 0:28:33]} 45.
Qc2 {[%clk 0:21:15]} Qxg2+ {[%clk 0:26:31]} 46. Qxg2 {[%clk 0:21:28]} Nxg2 {[%clk
0:26:59]} 47. Kxg2 {[%clk 0:21:28]} f5 {[%clk 0:25:37]} 48. Kf2 {[%clk 0:18:57]}
Kg7 {[%clk 0:24:44]} 49. Kg3 {[%clk 0:18:40]} Kf6 {[%clk 0:25:01]} 50. h4 {[%clk
0:18:36]} Kg6 {[%clk 0:25:01]} 51. Kh3 {[%clk 0:18:23]} Kh5 {[%clk 0:22:33]} 52.
Kg3 {[%clk 0:18:02]} e4 {[%clk 0:22:02]} 53. fxe4 {[%clk 0:18:20]} fxe4 {[%clk
0:22:22]} 54. Kf4 {[%clk 0:18:30]} Kxh4 {[%clk 0:22:43]} 55. Kxe4 {[%clk
0:18:51]} Kg3 {[%clk 0:23:03]} 56. Ke3 {[%clk 0:18:35]} h5 {[%clk 0:23:26]} 57.
Ke2 {[%clk 0:18:47]} Kg2 {[%clk 0:23:45]} 0-1

[Event "7th Arber Senior Cup"]
[Site "chess24.com"]
[Date "2019.07.29"]
[Round "3"]
[White "Mahnke, Ralf, Dr."]
[Black "Moser, Andreas"]
[Result "1/2-1/2"]
[Board "24"]
[WhiteElo "1925"]
[WhiteCountry "GER"]
[WhiteFideId "24691763"]
[WhiteEloChange "-6"]
[BlackElo "1693"]
[BlackCountry "GER"]
[BlackFideId "24627178"]
[BlackEloChange "6"]

1. d4 {[%clk 2:10:56]} Nf6 {[%clk 2:10:42]} 2. c4 {[%clk 2:11:20]} g6 {[%clk
2:10:31]} 3. Nc3 {[%clk 2:11:42]} Bg7 {[%clk 2:10:51]} 4. e4 {[%clk 2:12:02]} d6
{[%clk 2:11:07]} 5. Be2 {[%clk 2:12:25]} O-O {[%clk 2:10:34]} 6. Bg5 {[%clk
2:12:17]} h6 {[%clk 2:10:14]} 7. Bf4 {[%clk 2:12:30]} c6 {[%clk 2:09:46]} 8. Nf3
{[%clk 2:12:47]} Bg4 {[%clk 2:09:45]} 9. h3 {[%clk 2:12:38]} Bxf3 {[%clk
2:09:14]} 10. Bxf3 {[%clk 2:13:02]} Nbd7 {[%clk 2:06:15]} 11. O-O {[%clk
2:13:10]} e5 {[%clk 2:06:17]} 12. dxe5 {[%clk 2:13:19]} dxe5 {[%clk 2:04:45]} 13.
Be3 {[%clk 2:13:21]} Re8 {[%clk 2:00:59]} 14. Qc2 {[%clk 2:10:56]} Qc7 {[%clk
1:56:49]} 15. Rad1 {[%clk 2:10:25]} b6 {[%clk 1:53:32]} 16. Rd2 {[%clk 2:02:15]}
Nf8 {[%clk 1:51:56]} 17. Rfd1 {[%clk 2:01:55]} Red8 {[%clk 1:51:14]} 18. Qa4
{[%clk 1:59:35]} Rxd2 {[%clk 1:50:51]} 19. Rxd2 {[%clk 1:59:49]} Ne6 {[%clk
1:49:58]} 20. b4 {[%clk 1:56:18]} Rd8 {[%clk 1:45:14]} 21. Qd1 {[%clk 1:51:18]}
Rxd2 {[%clk 1:41:41]} 22. Qxd2 {[%clk 1:51:30]} g5 {[%clk 1:41:08]} 23. Bd1
{[%clk 1:50:03]} Bf8 {[%clk 1:36:14]} 24. a3 {[%clk 1:47:06]} a5 {[%clk 1:34:26]}
25. bxa5 {[%clk 1:30:46]} bxa5 {[%clk 1:34:34]} 26. a4 {[%clk 1:30:51]} Bb4
{[%clk 1:33:41]} 27. f3 {[%clk 1:30:41]} Nd7 {[%clk 1:28:56]} 28. Qc2 {[%clk
1:29:47]} Bc5 {[%clk 1:28:06]} 29. Bxc5 {[%clk 1:29:47]} 1/2-1/2

[Event "7th Arber Senior Cup"]
[Site "chess24.com"]
[Date "2019.07.29"]
[Round "3"]
[White "Ketzscher, Roland"]
[Black "Otto, Klaus"]
[Result "1/2-1/2"]
[Board "25"]
[WhiteElo "1917"]
[WhiteCountry "GER"]
[WhiteFideId "4652754"]
[WhiteEloChange "-5"]
[BlackElo "1725"]
[BlackCountry "GER"]
[BlackFideId "4694562"]
[BlackEloChange "5"]

1. d4 {[%clk 2:10:48]} Nf6 {[%clk 2:10:43]} 2. Nf3 {[%clk 2:11:09]} d5 {[%clk
2:10:59]} 3. c4 {[%clk 2:11:24]} e6 {[%clk 2:10:45]} 4. Nc3 {[%clk 2:11:45]} c6
{[%clk 2:10:04]} 5. Bg5 {[%clk 2:12:06]} Be7 {[%clk 2:10:23]} 6. e3 {[%clk
2:12:24]} Nh5 {[%clk 2:09:01]} 7. Bxe7 {[%clk 2:10:27]} Qxe7 {[%clk 2:09:17]} 8.
Rc1 {[%clk 2:09:40]} O-O {[%clk 2:06:24]} 9. Be2 {[%clk 2:08:01]} Nf6 {[%clk
2:06:44]} 10. O-O {[%clk 2:08:08]} h6 {[%clk 2:06:54]} 11. c5 {[%clk 1:54:26]}
Nbd7 {[%clk 2:04:31]} 12. b4 {[%clk 1:53:32]} e5 {[%clk 1:58:59]} 13. dxe5 {[%clk
1:53:20]} Nxe5 {[%clk 1:59:17]} 14. Nd4 {[%clk 1:53:21]} Bg4 {[%clk 1:54:03]} 15.
Bxg4 {[%clk 1:50:05]} Nexg4 {[%clk 1:48:56]} 16. h3 {[%clk 1:49:35]} Ne5 {[%clk
1:48:53]} 17. Nf5 {[%clk 1:49:12]} Qd7 {[%clk 1:47:50]} 18. Nd6 {[%clk 1:48:03]}
Ne8 {[%clk 1:46:17]} 19. Nxe8 {[%clk 1:46:15]} Rfxe8 {[%clk 1:45:20]} 20. Ne2
{[%clk 1:42:52]} Qf5 {[%clk 1:39:27]} 21. Nd4 {[%clk 1:35:38]} Qg6 {[%clk
1:34:57]} 22. Qc2 {[%clk 1:31:41]} Qxc2 {[%clk 1:30:54]} 23. Rxc2 {[%clk
1:32:09]} g6 {[%clk 1:31:00]} 24. Rb1 {[%clk 1:31:34]} a6 {[%clk 1:30:08]} 25. a4
{[%clk 1:31:34]} 1/2-1/2

[Event "7th Arber Senior Cup"]
[Site "chess24.com"]
[Date "2019.07.29"]
[Round "3"]
[White "Riess, Michael"]
[Black "Wittkugel, Friedhelm"]
[Result "1-0"]
[Board "28"]
[WhiteElo "1686"]
[WhiteTeam "SC Ansbach"]
[WhiteCountry "GER"]
[WhiteFideId "16241770"]
[WhiteEloChange "16"]
[BlackElo "1920"]
[BlackTeam "SV Kamen"]
[BlackCountry "GER"]
[BlackFideId "24606162"]
[BlackEloChange "-16"]

1. Nc3 {[%clk 2:10:30]} d5 {[%clk 2:10:30]} 2. e4 {[%clk 2:10:30]} d4 {[%clk
2:10:30]} 3. Nce2 {[%clk 2:10:30]} e5 {[%clk 2:10:30]} 4. Nf3 {[%clk 2:10:30]}
Bd6 {[%clk 2:10:30]} 5. Ng3 {[%clk 2:10:30]} Ne7 {[%clk 2:10:30]} 6. Bc4 {[%clk
2:10:30]} Ng6 {[%clk 2:10:30]} 7. d3 {[%clk 2:10:30]} h6 {[%clk 2:10:30]} 8. O-O
{[%clk 2:10:30]} Nc6 {[%clk 2:10:30]} 9. a3 {[%clk 2:10:30]} Qe7 {[%clk 2:10:30]}
10. Bb5 {[%clk 2:10:30]} Bd7 {[%clk 2:10:30]} 11. Bxc6 {[%clk 2:10:30]} bxc6
{[%clk 2:10:30]} 12. Nf5 {[%clk 2:10:30]} O-O-O {[%clk 2:10:30]} 13. Nxe7+ {[%clk
2:10:30]} 1-0